Occasional speeches of Justice Oliver Weldell Holmes (Record no. 1450853)

MARC details
000 -LEADER
fixed length control field 00601nam a2200205Ia 4500
005 - DATE AND TIME OF LATEST TRANSACTION
control field 20250923145408.0
008 - FIXED-LENGTH DATA ELEMENTS--GENERAL INFORMATION
fixed length control field 008 250917s9999 xx 000 0 eng d
037 ## - SOURCE OF ACQUISITION
Stock number Textual
040 ## - CATALOGING SOURCE
Original cataloging agency DSWL
Language of cataloging eng
Transcribing agency DSWL
041 ## - LANGUAGE CODE
Language code of text/sound track or separate title eng
Source of code eng
084 ## - COLON CLASSIFICATION NUMBER
Classification number ZxM41, N62
Assigning agency DSWL
100 ## - MAIN ENTRY--PERSONAL NAME
Personal name Howe, M.Dewolfe
9 (RLIN) 834861
245 #0 - TITLE STATEMENT
Title Occasional speeches of Justice Oliver Weldell Holmes
Statement of responsibility, etc. by M.Dewolfe Howe
260 ## - PUBLICATION, DISTRIBUTION, ETC.
Place of publication, distribution, etc. Cambridge
Name of publisher, distributor, etc. The Bleknap Press
Date of publication, distribution, etc. 1962
300 ## - PHYSICAL DESCRIPTION
Extent xi,178p.
365 ## - TRADE PRICE
Price type code USD
Price amount 3 . 50
925 ## -
-- 3 . 50
942 ## - ADDED ENTRY ELEMENTS (KOHA)
Koha item type Textual
Classification part ZxM41, N62
Holdings
Withdrawn status Lost status Damaged status Not for loan Home library Current library Date acquired Source of acquisition Total Checkouts Full call number Barcode Date last seen Price effective from Koha item type
        Department of Social Work Library Department of Social Work Library 2025-09-23 Through: University of Wisconsin College Year in India Programme Delhi-6   ZxM41, N62 SW0018229 2025-09-23 2025-09-23 Textual
Copyright @ Delhi University Library System